| 000 -LEADER |
| fixed length control field |
00705nam a2200253Ia 4500 |
| 001 - CONTROL NUMBER |
| control field |
1688 |
| 003 - CONTROL NUMBER IDENTIFIER |
| control field |
GE_BSU |
| 008 - FIXED-LENGTH DATA ELEMENTS--GENERAL INFORMATION |
| fixed length control field |
181216s||||||||xx |||||||||||||| ||und|| |
| 020 ## - INTERNATIONAL STANDARD BOOK NUMBER |
| International Standard Book Number |
5150003956 |
| 040 ## - CATALOGING SOURCE |
| Transcribing agency |
GE_BSU |
| 080 ## - UNIVERSAL DECIMAL CLASSIFICATION NUMBER |
| Universal Decimal Classification number |
94(470)(075.8) |
| 100 ## - MAIN ENTRY--PERSONAL NAME |
| Personal name |
Сахаров,А.Н. и др. |
| 245 ## - TITLE STATEMENT |
| Title |
История России.Сначала XVIII до концаXIX века. |
| 245 ## - TITLE STATEMENT |
| Remainder of title |
Для студ. вузов |
| 245 ## - TITLE STATEMENT |
| Statement of responsibility, etc. |
Отв.ред.А.Н.Сахаров |
| 260 ## - PUBLICATION, DISTRIBUTION, ETC. |
| Place of publication, distribution, etc. |
Москва |
| 260 ## - PUBLICATION, DISTRIBUTION, ETC. |
| Name of publisher, distributor, etc. |
Изд-во АСТ |
| 260 ## - PUBLICATION, DISTRIBUTION, ETC. |
| Date of publication, distribution, etc. |
1998 |
| 300 ## - PHYSICAL DESCRIPTION |
| Extent |
542стр. 19см. |
| 653 ## - INDEX TERM--UNCONTROLLED |
| Uncontrolled term |
История России |
| 653 ## - INDEX TERM--UNCONTROLLED |
| Uncontrolled term |
ისტორია |
| 942 ## - ADDED ENTRY ELEMENTS (KOHA) |
| Koha item type |
წიგნი |